000 00905nam a2200253Ia 4500
003 OSt
005 20220514110938.0
008 210716s2004 xx 000 0 und d
020 _a8185502838
040 _cAIMIT LIBRARY
041 _aeng
082 _a658.4012
_24
_bHILC
100 _aHill, Charles W. L.
_936952
245 _aStrategic management :
_ban integrated approach / Text and Cases /
_cBy Charles W. L. Hill and Gareth R. Jones
250 _a4th ed.
_bMillennium Edition
260 _aChennai :
_bAll India Publishers and Distributors Regd. ,
_c2000.
260 _aNew York :
_bHoughton Mifflin Company ,
_c2000.
300 _axxxi, 471,C516,19
_c27.6 cm.
650 _aStrategic Management
_936953
650 _aNature Of Competitive Advantage
_936954
650 _aImplementing Strategy
_936955
650 _aCases in Strategic Management
_936956
942 _2ddc
_cBK
_e4th
_k658.4012 HILC
999 _c198936
_d198936